Culture générale #2 - Statistiques

Statistiques générales
  • Ce quiz a été pris 109 fois
  • Le résultat moyen est 8 sur 20
Statistiques - réponses
Question Réponse % Correct
Quel éléphant vole grâce à ses oreilles ? Dumbo
80%
Combien de mois ont 28 jours ? 12
78%
Que signifie la lettre G du sigle LGBTQIA+ Gay
78%
Combien de nom de pays commencent par W ? 0
77%
3x - 4= 23. Que vaut x ? 9
70%
Que sont les membres inférieurs chez l'humain ? Jambes
68%
Complétez le titre de cette musique de Noir Désir : " Le vent nous ____" Portera
65%
Combien y a-t-il d'étape pour créer un quiz sur Jetpunk ? 5
64%
Quelle est la planète le plus éloignée du soleil ? Neptune
59%
Qu'est-ce qu'un polygone à 12 cotés ? Dodécagone
40%
Quel ville était l'ennemie de Rome durant les Guerres puniques ? Carthage
33%
Qu'est-ce qui est constitué d'un appareil de Golgi, de ribosome ou encore de mitochondrie ? Cellule
27%
Quel ornithorynque est un agent secret dans un dessin animé ? Perry
26%
Quel pays a pour capitale Tarawa ? Kiribati
18%
Qu'est-ce que le NH3 ? Ammoniac
11%
Dans quel stade s'est joué la finale de la ligue des champions 2001 ? San Siro
8%
Dans quel film peut-on voir 4 magiciens travailler pour l'oeil ? ( Réponse en anglais) Now you see me
7%
Dans le jeu vidéo Brawl stars, combien coute le skin Edgar Mécha ? 299
6%
Quel est la réponse à l'énigme de Stanford ? Rien
5%
Quel est le 627e nombre premier ? 4643
2%
Aucun quiz correspondant
Distribution des résultats
% des personnes avec chaque résultat
Percentile par nombre de réponses
Votre historique - résultats
Vous n’avez pas pris ce quiz